| 000 | 00954 a2200229 4500 | ||
|---|---|---|---|
| 005 | 2008090905415.0 | ||
| 008 | 080909t xxu||||| |||| 00| 0 hin d | ||
| 010 | _aHIN-79310 | ||
| 020 |
_c250.00 _a8176751693 |
||
| 035 | _aHN-51656 | ||
| 037 | _bD.B.Act / pub | ||
| 082 | _aउ | ||
| 245 |
_aतमसःएक पुनर्पाठ _cसंपादक विनोद शाही |
||
| 246 | _aTamas: ek Punarpath | ||
| 260 |
_aपंचकूला _bआधार प्रकाशन _c2006 |
||
| 270 |
_aएस.सी.एफ.267,सेक्टर-16 _bपंचकूला _e134113( हरियाणा) |
||
| 300 |
_a232पृ _c22 सेमी (सजिल्द) |
||
| 650 | _aउपन्यास | ||
| 650 | _aNovel | ||
| 942 |
_adpl _cHN _kउ / तमस _2ddc _hउ _mतमस |
||
| 999 |
_c1524 _d1524 |
||